Anarchistskie dviženija Rossii i Russkogo Zarubež'ja (Titelsatznr. 56966)
[ MARC ]
| 000 -Satzkennung | |
|---|---|
| Kontrollfeld mit fester Länge | 00937nam a22003253u 4500 |
| 001 - Kontrollnummer | |
| Kontrollfeld | DHIM1625823186 |
| 003 - Kontrollnummer Identifier | |
| Kontrollfeld | RU-10907106 |
| 005 - Datum und Zeit der letzten Transaktion | |
| Kontrollfeld | 20210920203729.0 |
| 008 - Feld mit fester Länge zur physischen Beschreibung - Allgemeine Angaben | |
| Kontrollfeld mit fester Länge | 210709b2021 ru ||||| |||| 00| u rus d |
| 020 ## - Internationale Standardbuchnummer | |
| Verknüpfung | 978-5-8243-2424-2 |
| Internationale Standardbuchnummer | 9785824324242 |
| 040 ## - Katalogisierungsquelle | |
| Original-Katalogisierungsstelle | RU-10907106 |
| Katalogisierungssprache | ger |
| Übertragungsstelle | RU-10907106 |
| 041 ## - Sprachcode | |
| Sprachcode des Textes/der Tonspur oder des separaten Titels | rus |
| 245 ## - Titel | |
| Titel | Anarchistskie dviženija Rossii i Russkogo Zarubež'ja |
| Zusatz zum Titel | dokumenty i materialy, 1922-1941 gg. |
| Verfasserangabe etc. | sostavitel' D. I. Rublev |
| 264 ## - Produktion, Veröffentlichung, Distribution, Herstellung und Urheberrechtsvermerk | |
| Herstellungs-, Veröffentlichungs- Vertriebs-, Erzeugungsort | Moskva : |
| Produzent, Herausgeber, Distributor, Hersteller | ROSSPEN, |
| Datum der Herstellung, der Veröffentlichung, des Vertriebs oder des Urheberschutzvermerks | 2021. |
| 300 ## - Physische Beschreibung | |
| Umfang | 807 Seiten |
| 336 ## - Inhaltstyp | |
| Inhaltstypterm | Text |
| 336 ## - Inhaltstyp | |
| Inhaltstypcode | txt |
| 337 ## - Medientyp | |
| Quelle | rdamedia |
| 337 ## - Medientyp | |
| Bezeichnung des Medientyps | Ohne Hilfsmittel zu benutzen |
| 337 ## - Medientyp | |
| Medientypcode | n |
| 338 ## - Datenträgertyp | |
| Quelle | rdacarrier |
| 338 ## - Datenträgertyp | |
| Datenträgertypbezeichnung | Band |
| 338 ## - Datenträgertyp | |
| Datenträgertypcode | nc |
| 490 ## - Gesamttitelangabe | |
| Gesamttitelangabe | Političeskie partii Rossii. Konec XIX - pervaja tret' XX veka. Dokumental'noe nasledie |
| 648 ## - Nebeneintragung unter einem Schlagwort - Zeitschlagwort | |
| Zeitschlagwort | 1922-1941 |
| 650 ## - Nebeneintragung unter einem Schlagwort - Sachschlagwort | |
| Sachschlagwort oder geografischer Name als Eintragungselement | Anarchismus |
| 651 ## - Nebeneintragung unter einem Schlagwort - Geografischer Name | |
| Geografischer Name | Sowjetunion |
| 655 ## - Indexierungsterm - Genre/Form | |
| Genre/Form oder fokussierter Term | Quelle |
| 942 ## - Zusätzliche Felder (Koha) | |
| Klassifikation oder Aufstellungssystematik | Andere/Generische Klassifikation |
| Koha-Medientyp | Monographien |
| Ausgeschieden | Verloren | Klassifikation oder Aufstellungssystematik | Beschädigt | Nicht entleihbar | Heimatbibliothek | Aufenthaltsbibliothek | Aufstellungsort | Erwerbungsdatum | Inventarnummer | Signatur | Barcode | Letzte Aktivität | Preis gültig von | Koha-Medientyp |
|---|---|---|---|---|---|---|---|---|---|---|---|---|---|---|
| Andere/Generische Klassifikation | MWN Osteuropa | MWN Osteuropa | Magazin - 2 | 08/07/2021 | 21-01231 | R 62 ej Rub | E00401082D37150A | 09/07/2021 | 09/07/2021 | Monographien |